Media education / (Record no. 123038)

MARC details
000 -LEADER
fixed length control field 00596nam a22002177a 4500
005 - DATE AND TIME OF LATEST TRANSACTION
control field 20170124105919.0
010 ## - LIBRARY OF CONGRESS CONTROL NUMBER
LC control number A-235802
020 ## - INTERNATIONAL STANDARD BOOK NUMBER
Terms of availability 00
International Standard Book Number 9231022040
035 ## - SYSTEM CONTROL NUMBER
System control number A-235802
037 ## - SOURCE OF ACQUISITION
Source of stock number/acquisition Cen Lib/Ret
040 ## - CATALOGING SOURCE
Original cataloging agency DPL
Language of cataloging EN
082 ## - DEWEY DECIMAL CLASSIFICATION NUMBER
Classification number 370.78
Item number MOR
100 ## - MAIN ENTRY--PERSONAL NAME
Personal name Morsy, Zaghloul
9 (RLIN) 108327
245 ## - TITLE STATEMENT
Title Media education /
Statement of responsibility, etc by Zaghloul Morsy
260 ## - PUBLICATION, DISTRIBUTION, ETC. (IMPRINT)
Place of publication, distribution, etc Paris
Name of publisher, distributor, etc UNESCO
Date of publication, distribution, etc 1984
270 ## - ADDRESS
Address 7, place de fontenoy
City Paris
Postal code 75700
300 ## - PHYSICAL DESCRIPTION
Extent 407p.
Dimensions 20cm (Hb)
650 ## - SUBJECT ADDED ENTRY--TOPICAL TERM
Topical term or geographic name as entry element Higher Educations
9 (RLIN) 108328
650 ## - SUBJECT ADDED ENTRY--TOPICAL TERM
Topical term or geographic name as entry element Media
9 (RLIN) 108329
942 ## - ADDED ENTRY ELEMENTS (KOHA)
Source of classification or shelving scheme Dewey Decimal Classification
Koha item type English Books
Classification part 370.78
Call number suffix MOR
Holdings
Withdrawn status Lost status Damaged status Not for loan Home library Current library Date acquired Source of acquisition Cost, normal purchase price Total Checkouts Full call number Barcode Date last seen Copy number Cost, replacement price Price effective from Koha item type
        Central Library Central Library 02/06/2015 Cen Lib/Ret 0.00   370.78 MOR A-235802 02/06/2015 1 0.00 02/06/2015 English Books

© Delhi Public Library
Hit Counter
free hit counter